000 00959nam a22003257a 4500
001 BR2015002029
003 BR-BrBNA
005 20230928104624.0
007 ta
008 230509b bl.||||| |||| 00| 0 por d
040 _aBR-BrBNA
_bpor
_cBiblioteca Nacional de Agricultura
041 _a(Por)
072 _aF03
_b3240
_b3575
090 _ 3240 BR2015002029
100 1 _aSilva, N.C.N.
110 1 _aUniversidade Federal de Lavras, MG (Brasil)
_0Dissertação (Mestrado)
245 1 _aAnálise proteômica em sementes condicionadas de eucalipto submetidas a estresse salino
260 3 _aLavras, MG (Brasil):
_c2014.
300 _a86 p.
500 _aSummaries (Eng, Por); Several bibliography 5 ilhus.
650 _aEUCALIPTO
650 _aSEMENTE
650 _aSTRESS
650 _aSOLO SALINO
650 _aGERMINAÇÃO
650 _aPROTEÍNA
650 _aANÁLISE QUÍMICA
909 _a202309
_bLucia
_c55
_dLucia Elande
942 _cBK
999 _c80888
_d80888